00499nam a2200193Ia 4500003000400000005001700004008004100021020001800062040000700080041000800087082001700095100003100112245007200143260003600215300001200251365001400263440000600277650002200283OSt20230524113706.0210423s2010 xx 000 0 und d a81-7851-063-4 cAL aeng a820.954 AROP aARORA (Neena);DHAWAN (R K) aPartition and Indian literature: voices of the wounded psyche Vol 2 aNew DelhibPrestige Booksc2010 a411bHB b1000cINR v2 aEnglish Criticism